Ground-water and surface-water interactions along Rapid Creek near Rapid City, South Dakota /

Bibliographic Details
Main Author: Anderson, Mark T. (Mark Theodore), 1952-
Corporate Authors: Rapid City (S.D.), South Dakota. Department of Game, Fish, and Parks, Geological Survey (U.S.)
Other Authors: Driscoll, Daniel G., Wiliamson, Joyce E.
Format: Government Document Book
Language:English
Published: Rapid City, S.D. : U.S. Dept. of the Interior, U.S. Geological Survey ; 1999.
Series:Water-resources investigations report ; 98-4214.
Subjects:

MARC

Tag First Indicator Second Indicator Subfields
LEADER 00000cam a2200000 a 4500
001 in00000003295
005 20151007051114.0
008 990409s1999 sduab b f000 0 eng d
035 |a (OCoLC)41141358 
035 |9 AJG6557AM 
040 |d GPO  |d DLC  |d MvI  |d UtOrBLW 
043 |a n-us-sd 
049 |a UDOC 
074 |a 0624-B 
086 0 |a I 19.42/4:98-4214 
090 |a GB1225.S8  |b A52 1999 
100 1 |a Anderson, Mark T.  |q (Mark Theodore),  |d 1952- 
245 1 0 |a Ground-water and surface-water interactions along Rapid Creek near Rapid City, South Dakota /  |c by Mark T. Anderson, Daniel G. Driscoll, and Joyce E. Williamson ; prepared in cooperation with the city of Rapid City and the South Dakota Department of Game, Fish, and Parks. 
246 2 |a Ground water and surface water interactions along Rapid Creek near Rapid City, South Dakota 
264 1 |a Rapid City, S.D. :  |b U.S. Dept. of the Interior, U.S. Geological Survey ;  |c 1999. 
264 2 |a Denver, CO :  |b Branch of Information Services [distributor], 
300 |a vi, 99 pages :  |b illustrations (some color), maps (some color) ;  |c 28 cm. 
336 |a text  |b txt  |2 rdacontent 
337 |a unmediated  |b n  |2 rdamedia 
338 |a volume  |b nc  |2 rdacarrier 
490 1 |a Water-resources investigations report ;  |v 98-4214 
500 |a Shipping list number: 99-0216-P. 
504 |a Includes bibliographical references (pages 60-62). 
650 0 |a Groundwater  |z South Dakota  |z Rapid City Region. 
650 0 |a Runoff  |z South Dakota  |z Rapid City Region. 
650 0 |a Aquifers  |z South Dakota  |z Rapid City Region. 
650 0 |a Hydrogeology  |z South Dakota  |z Rapid City Region. 
700 1 |a Driscoll, Daniel G. 
700 1 |a Wiliamson, Joyce E. 
710 1 |a Rapid City (S.D.) 
710 1 |a South Dakota.  |b Department of Game, Fish, and Parks. 
710 2 |a Geological Survey (U.S.) 
830 0 |a Water-resources investigations report ;  |v 98-4214. 
999 |a MARS 
999 f f |s 23c853f9-b689-3e94-95fe-26091ef70084  |i e44d78be-e9ec-37c5-8ee9-675f4a4b789d  |t 0 
952 f f |p normal  |a Texas A&M University  |b College Station  |c Sterling C. Evans Library  |d Evans: US Documents (Annex 5th floor)  |t 0  |e I 19.42/4:98-4214  |h Superintendent of Documents classification  |i unmediated -- volume  |m A14824477797 
998 f f |a I 19.42/4:98-4214  |t 0  |l Evans: US Documents (Annex 5th floor)